000 01164nad a22003493cc4500
001 BV047191279
003 DE-604
005 20230201125550.0
007 tu
008 210311s2020 a||| |||| 00||| rus d
020 _a9785907363038
_9978-5-907363-03-8
035 _a(OCoLC)1241675038
035 _a(DE-599)BVBBV047191279
040 _aDE-604
_bger
_cRU-10907106
041 0 _arus
245 1 0 _aTajnaja straža Rossii
_bočerki istorii otečestvennych organov gosbezopasnosti
_cPopov A.Ju. avtor-sotavitelʹ
_nKniga 4
264 1 _aMoskva :
_bAlgoritm,
_c2020.
300 _a690 Seiten :
_bIllustrationen
336 _aText
_btxt
_2rdacontent
337 _aohne Hilfsmittel zu benutzen
_bn
_2rdamedia
338 _aBand
_bnc
_2rdacarrier
610 2 _aSowjetunion Komitet Gosudarstvennoj Bezopasnosti
_920107
648 _a1890-1956
_920108
650 4 _aSpionage
_920109
650 4 _aGeheimdienst
_920110
650 4 _aInnere Sicherheit
_920111
651 4 _aSowjetunion
_920112
651 4 _aRussland
700 1 _aPopov, Aleksej Jurʹevič
_eHerausgeber
_0(DE-588)1012954803
_4edt
_919252
773 0 8 _qkniga4
_wBV045416337
942 1 1 _cMG
_2z
999 _c61594
_d61594